|
|
|
|
| LEADER |
00000nam0a2200000 4500 |
| 001 |
31842 |
| 005 |
20231030204623.0 |
| 010 |
|
|
|a 5857041473
|
| 035 |
|
|
|a (RuTPU)RU\TPU\book\32137
|
| 035 |
|
|
|a BOOK00000216
|
| 090 |
|
|
|a 31842
|
| 100 |
|
|
|a 20011210d1992 km y0rusy50 ca
|
| 101 |
0 |
|
|a rus
|
| 102 |
|
|
|a RU
|
| 105 |
|
|
|a a j 000zy
|
| 200 |
1 |
|
|a Теория устойчивости расчетных движений
|e учебное пособие
|f С. В. Зубов
|
| 210 |
|
|
|a Москва
|c Информсвязьиздат
|d 1992
|
| 215 |
|
|
|a 47 с.
|
| 320 |
|
|
|a Библиогр.: с. 47.
|
| 610 |
1 |
|
|a математика
|
| 610 |
1 |
|
|a дифференциальные уравнения
|
| 610 |
1 |
|
|a устойчивость
|
| 610 |
1 |
|
|a методы Ляпунова
|
| 610 |
1 |
|
|a расчетные движения
|
| 610 |
1 |
|
|a теория
|
| 610 |
1 |
|
|a учебные пособия
|
| 675 |
|
|
|a 517.929.4(075.8)
|v 3
|
| 700 |
|
1 |
|a Зубов
|b С. В.
|g Сергей Владимирович
|
| 801 |
|
0 |
|a RU
|b 63413507
|c 20011210
|g PSBO
|
| 801 |
|
2 |
|a RU
|b 63413507
|c 20170111
|g PSBO
|
| 942 |
|
|
|c BK
|